00272nam a2200097Ia 4500008004100000022001400041041000800055100001900063245004600082260004600128230206s9999 xx 000 0 und d a0256-0909 aeng aChand V S, Ed. aVikalpa : The Journal for Decision Makers bIndian Institute of ManagementaAhmedabad